000 00460nam a2200181Ia 4500
001 3577
005 20260306145653.0
008 260306t2011||||xx |||||||||||||| ||spa||
041 _aESP
082 _a289.985
_bB135
100 _aBenito Rodríguez, José Antonio
_eAUT
245 0 _aEl Señor de los Milagros:
_bidentidad de un pueblo
260 _c2011
300 _a206 páginas :
_c17 cm.
650 _aGEN
654 _aCHU
942 _cLIB
_dJUS
_fJUS
_2ddc
_n
999 _c3577
_d3577